000 00645nam a2200229Ia 4500
005 20250108124944.0
008 008 250107s9999 xx 000 0 eng d
020 _a978-81-8031-302-8
037 _aTB
040 _aCRL
_beng
_cCRL
041 _aeng
_2eng
084 _aWvN 152Q9
084 _qCRL
100 _aMustafa Nujeen Au.
_9730157
245 0 _aNujeen: one girl's incredible journey from war-torn syria in a wheelchair
_cMustafa Nujeen Au.
260 _aLondon, UK
_bWilliam Collins
_c2815
300 _a289p.
365 _aINR
_b325
650 _aHISTORY
942 _cTB
_hWvN 152Q9
999 _c1235203
_d1235203